Elementos estratégicos para la reducción de la pobreza rural en América Latina y el Caribe / (Record no. 1688)

MARC details
000 -LEADER
campo de control de longitud fija 01694cam a2200241 4500
001 - NÚMERO DE CONTROL
campo de control 10913
005 - FECHA Y HORA DE LA ÚLTIMA TRANSACCIÓN
campo de control 20230404125636.0
008 - DATOS DE LONGITUD FIJA--INFORMACIÓN GENERAL
campo de control de longitud fija 060907n1998 wau eng
035 ## - NÚMERO DE CONTROL DEL SISTEMA
-- funglode10997
041 ## - CÓDIGO DE IDIOMA
Código de lengua del texto/banda sonora o título independiente eng
050 14 - SIGNATURA TOPOGRÁFICA DE LA BIBLIOTECA DEL CONGRESO
Número de clasificación CD F 00754
100 ## - ENTRADA PRINCIPAL--NOMBRE DE PERSONA
Nombre de persona Echeverría, Ruben G.
245 1# - MENCIÓN DEL TÍTULO
Título Elementos estratégicos para la reducción de la pobreza rural en América Latina y el Caribe /
Mención de responsabilidad, etc. Ruben G. Echevarría
260 ## - PUBLICACIÓN, DISTRIBUCIÓN, ETC.
Lugar de publicación, distribución, etc. Washington D.C. :
Nombre del editor, distribuidor, etc. BID,
Fecha de publicación, distribución, etc. 1998
300 ## - DESCRIPCIÓN FÍSICA
Extensión 39 p.
500 ## - NOTA GENERAL
Nota general "Estudio de Estrategia"
520 ## - RESUMEN, ETC.
Sumario, etc. Este documento describe los antecedentes y el entorno de la pobreza rural en América Latina y las lecciones que se desprenden de las experiencias pasadas (incluyendo una discusión de la interrelación de los temas ambientales, de género y de etnia con la pobreza). Luego se discuten las orientaciones estratégicas (entre las que se cuenta la discriminación positiva, la sustentabilidad, la inversión en capital humano, la participación de los beneficiarios y el contexto político/institucional), y se definen las distintas opciones para enfrentar el problema. Estas alternativas se basan en la hetereogenidad del medio rural donde se pueden identificar dos grupos de habitantes: los pequeños agricultores con potencial agropecuario y aquéllos cuyo potencial es limitado así como los pobladores rurales sin tierras. Queda claro que las soluciones a la pobreza de estos dos grupos no sin iguales.
650 #0 - PUNTO DE ACCESO ADICIONAL DE MATERIA--TÉRMINO DE MATERIA
Término de materia o nombre geográfico como elemento de entrada Rural poor
Subdivisión geográfica Latin America.
650 #0 - PUNTO DE ACCESO ADICIONAL DE MATERIA--TÉRMINO DE MATERIA
Término de materia o nombre geográfico como elemento de entrada Rural poor
Subdivisión geográfica Caribbean Area.
610 20 - PUNTO DE ACCESO ADICIONAL DE MATERIA--NOMBRE DE ENTIDAD CORPORATIVA
Nombre de entidad corporativa o nombre de jurisdicción como elemento de entrada Inter-American Development Bank
Subdivisión general Policy guidelines.
610 20 - PUNTO DE ACCESO ADICIONAL DE MATERIA--NOMBRE DE ENTIDAD CORPORATIVA
Nombre de entidad corporativa o nombre de jurisdicción como elemento de entrada Inter-American Development Bank
Subdivisión general Poverty mitigation projects.
942 ## - ELEMENTOS DE ENTRADA SECUNDARIOS (KOHA)
Fuente del sistema de clasificación o colocación Clasificación de Library of Congress
Tipo de ítem Koha
Holdings
Estatus retirado Estado de pérdida Fuente del sistema de clasificación o colocación Estado de daño No para préstamo Colección Biblioteca de origen Biblioteca actual Ubicación en estantería Fecha de adquisición Serial enumeration / chronology Total checkouts Signatura topográfica completa Código de barras Visto por última vez Copia número Precio de reemplazo Tipo de ítem Koha
    Clasificación de Library of Congress     Referencia Biblioteca Juan Bosch Biblioteca Juan Bosch Colección Documental (Referencia, 1er. Piso) 23/10/2018 1   CD F 00754 00000000143 23/10/2018 1 23/10/2018